[Event "Konik Morski Rewala OPEN A"]
[Site "Rewal"]
[Date "2007.08.22"]
[Round "2.29"]
[White "Paci, Cedric"]
[Black "Pigula, Marek"]
[Result "0-1"]
[WhiteElo "2304"]
[BlackElo "2141"]
[PlyCount "98"]
[EventDate "2007.??.??"]

1. Nf3 Nf6 2. c4 g6 3. g3 Bg7 4. Bg2 O-O 5. O-O d6 6. d4 Nbd7 7. Nc3 e5 8. e4
c6 9. Qc2 exd4 10. Nxd4 Ng4 11. Rd1 Qb6 12. Na4 Qc7 13. h3 Ngf6 14. Nc3 a5 15.
Be3 Nc5 16. f4 Re8 17. Bf2 Nh5 18. Ndb5 cxb5 19. Nxb5 Qe7 20. Nxd6 b6 21. Nxe8
Qxe8 22. Rd6 Bb7 23. Re1 Bc6 24. e5 Bxg2 25. Kxg2 Rb8 26. Qd2 Bf8 27. Rd5 Qc6
28. g4 Ng7 29. Kh2 Nge6 30. f5 Nc7 31. Rd4 Re8 32. Bg3 N5a6 33. Rd7 Bb4 34. Qd4
Bxe1 35. Bxe1 Nc5 36. Rd8 Qe4 37. Qxe4 Nxe4 38. Rd7 Na6 39. Rb7 Rb8 40. Ra7
Nac5 41. Bh4 g5 42. Bg3 Rd8 43. f6 h6 44. e6 Nxe6 45. Be5 Rd2+ 46. Kg1 Nf4 47.
Ra8+ Kh7 48. Rf8 Rg2+ 49. Kf1 Ng3+ 0-1

[Event "Konik Morski Rewala OPEN A"]
[Site "Rewal"]
[Date "2007.08.22"]
[Round "2.30"]
[White "Llanezavega, Patricia"]
[Black "Cherednichenko, Elena"]
[Result "1/2-1/2"]
[WhiteElo "2298"]
[BlackElo "2105"]
[PlyCount "83"]
[EventDate "2007.??.??"]

1. e4 e6 2. d4 d5 3. Nd2 dxe4 4. Nxe4 Nd7 5. Bd3 Be7 6. Nf3 Ngf6 7. Qe2 Nxe4 8.
Bxe4 Nf6 9. Bxb7 Bxb7 10. Qb5+ Qd7 11. Qxb7 O-O 12. O-O Qd6 13. Qb5 Rab8 14.
Qe2 c5 15. dxc5 Qxc5 16. Be3 Qa5 17. Bd4 Rfc8 18. c4 a6 19. Rfd1 Qb4 20. Rac1
a5 21. Ne5 a4 22. Bc3 Qb7 23. Ng4 Ne4 24. Be5 Ra8 25. Rd4 Nc5 26. Rcd1 f6 27.
Bd6 Bxd6 28. Rxd6 Rab8 29. R1d2 Qe4 30. f3 Qb1+ 31. Kf2 e5 32. Rc2 Rd8 33.
Rxd8+ Rxd8 34. Kg3 Ne6 35. c5 Qxa2 36. Ne3 Qb3 37. Nf5 g6 38. Nd6 Nxc5 39. Rxc5
Rxd6 40. Rc8+ Kf7 41. Rc7+ Kg8 42. Rc8+ 1/2-1/2

[Event "Konik Morski Rewala OPEN A"]
[Site "Rewal"]
[Date "2007.08.22"]
[Round "2.31"]
[White "Szymanski, Andrzej"]
[Black "Tokarski, Bartosz"]
[Result "1/2-1/2"]
[WhiteElo "2251"]
[BlackElo "2100"]
[PlyCount "124"]
[EventDate "2007.??.??"]

1. d4 Nf6 2. c4 c5 3. d5 b5 4. Nd2 g6 5. e4 bxc4 6. Bxc4 d6 7. Ngf3 Bg7 8. O-O
O-O 9. Qe2 Nbd7 10. Rb1 Rb8 11. h3 Nb6 12. Bd3 c4 13. Bxc4 Nxc4 14. Qxc4 Qb6
15. Re1 Ba6 16. Qa4 Bd3 17. Ra1 Rfc8 18. Qa3 Bc2 19. Qe3 Nd7 20. Qxb6 Rxb6 21.
Nb3 Bxb3 22. axb3 Rxb3 23. Rxa7 Nc5 24. Bg5 e6 25. dxe6 Nxe6 26. Be3 Rxb2 27.
Rd1 Rb4 28. Rxd6 Rxe4 29. Rdd7 Rf8 30. g3 Rb4 31. Kg2 Rbb8 32. Ng5 Nxg5 33.
Bxg5 Ra8 34. Rxf7 Rxa7 35. Rxa7 Bd4 36. Ra2 Rb8 37. Rd2 Rb4 38. Bh6 Kf7 39. Ra2
Rb2 40. Rxb2 Bxb2 41. f4 Bd4 42. Kf3 Bc3 43. Ke4 Ke6 44. g4 Bb4 45. Bg7 Bc5 46.
Bb2 Bb4 47. Ba1 Ba3 48. Bc3 Bc5 49. Bh8 Bb4 50. Bd4 Ba3 51. Be5 Bb4 52. Bc7 Bd2
53. Bd8 Bc1 54. Bg5 Bb2 55. Bh6 Bc3 56. h4 Bb2 57. f5+ gxf5+ 58. gxf5+ Kf6 59.
Bg5+ Kf7 60. h5 Bc3 61. Bh4 Bb2 62. Bg3 Kf6 1/2-1/2

[Event "Konik Morski Rewala OPEN A"]
[Site "Rewal"]
[Date "2007.08.22"]
[Round "2.32"]
[White "Helstroffer, Arnaud"]
[Black "Pieczonka, Marcin"]
[Result "1-0"]
[WhiteElo "2234"]
[BlackElo "2055"]
[PlyCount "57"]
[EventDate "2007.??.??"]

1. e4 c5 2. Nf3 e6 3. Nc3 Nc6 4. d4 cxd4 5. Nxd4 Nf6 6. Ndb5 d6 7. Bf4 e5 8.
Bg5 a6 9. Na3 Be6 10. Nc4 b5 11. Bxf6 gxf6 12. Ne3 Nd4 13. a4 b4 14. Ncd5 f5
15. exf5 Nxf5 16. Nxf5 Bxf5 17. Qf3 Be6 18. Nc7+ Qxc7 19. Qxa8+ Qc8 20. Qxa6
Qxc2 21. Bb5+ Ke7 22. Qb7+ Kf6 23. Qf3+ Bf5 24. O-O Rg8 25. Bd7 Be7 26. Rfc1
Qe4 27. Qxf5+ Qxf5 28. Bxf5 Kxf5 29. Rc7 1-0

[Event "Konik Morski Rewala OPEN A"]
[Site "Rewal"]
[Date "2007.08.22"]
[Round "2.33"]
[White "Krzyzanowski, Marcin"]
[Black "Siwiec, Arkadiusz"]
[Result "1-0"]
[WhiteElo "2206"]
[BlackElo "2048"]
[PlyCount "53"]
[EventDate "2007.??.??"]

1. e4 c5 2. c3 d5 3. exd5 Qxd5 4. d4 Nf6 5. Nf3 e6 6. Be2 cxd4 7. cxd4 Be7 8.
Nc3 Qd8 9. O-O O-O 10. Ne5 Nbd7 11. Bf3 Nb6 12. Re1 Nbd5 13. Qb3 Qd6 14. Bg5
Nxc3 15. bxc3 Nd5 16. Bd2 Bf6 17. Rad1 a6 18. c4 Ne7 19. Ng4 Nf5 20. Nxf6+ gxf6
21. Bb4 Qd8 22. Bxf8 Qxf8 23. Be4 Nd6 24. Bc2 b5 25. c5 Nc4 26. Qf3 Bd7 27. Be4
1-0

[Event "Konik Morski Rewala OPEN A"]
[Site "Rewal"]
[Date "2007.08.22"]
[Round "2.34"]
[White "Rawicz, Karol"]
[Black "Pazdziora, Michal"]
[Result "0-1"]
[WhiteElo "2170"]
[BlackElo "2205"]
[PlyCount "50"]
[EventDate "2007.??.??"]

1. d4 d5 2. c4 e6 3. Nc3 c6 4. e3 Nf6 5. Nf3 a6 6. Qc2 c5 7. a3 Nc6 8. cxd5
exd5 9. dxc5 Bxc5 10. Be2 O-O 11. O-O Qe7 12. Rd1 Rd8 13. b4 Ba7 14. b5 Ne5 15.
Bb2 Neg4 16. Qd3 Nxf2 17. Kxf2 Ng4+ 18. Ke1 Nxe3 19. bxa6 Bf5 20. axb7 Bxd3 21.
bxa8=Q Nc2+ 22. Kf1 Ne3+ 23. Ke1 Nc2+ 24. Kf1 Bxe2+ 25. Nxe2 Rxa8 0-1

[Event "Konik Morski Rewala OPEN A"]
[Site "Rewal"]
[Date "2007.08.22"]
[Round "2.35"]
[White "Kielar, Maciej"]
[Black "Demidowicz, Maria"]
[Result "0-1"]
[WhiteElo "1976"]
[BlackElo "1979"]
[PlyCount "62"]
[EventDate "2007.??.??"]

1. e4 c5 2. d3 g6 3. g3 Bg7 4. Bg2 d6 5. c3 Nc6 6. Ne2 e6 7. Be3 Nge7 8. Nd2
O-O 9. O-O Ne5 10. f4 Ng4 11. Bf2 Rb8 12. Nf3 b5 13. d4 Bb7 14. Qd3 Nxf2 15.
Rxf2 Qc7 16. Rd1 Rfd8 17. Nh4 f5 18. exf5 exf5 19. d5 Qd7 20. g4 fxg4 21. Ng3
Bf6 22. Nxg6 Nxg6 23. Nh5 Bh8 24. Be4 c4 25. Qc2 Qf7 26. Rg2 Bc8 27. h3 Nh4 28.
Rxg4+ Bxg4 29. hxg4 Re8 30. Rd2 Rxe4 31. Qxe4 Re8 0-1

[Event "Konik Morski Rewala OPEN A"]
[Site "Rewal"]
[Date "2007.08.22"]
[Round "2.36"]
[White "Orzech, Dominik"]
[Black "Walas, Aleksandra"]
[Result "1-0"]
[WhiteElo "2394"]
[BlackElo "1884"]
[PlyCount "65"]
[EventDate "2007.??.??"]

1. Nf3 Nf6 2. c4 g6 3. d4 Bg7 4. g3 O-O 5. Bg2 d6 6. O-O Nbd7 7. Qc2 e5 8. Rd1
exd4 9. Nxd4 Re8 10. Nc3 a5 11. Ndb5 Nc5 12. e4 Bd7 13. f3 h6 14. Be3 Qc8 15.
Rd2 Na6 16. Rad1 Bc6 17. Bf2 Kh7 18. a3 Qd8 19. c5 Bxb5 20. Nxb5 Re5 21. f4 Re7
22. cxd6 cxd6 23. Rxd6 Qe8 24. Nc3 Ng4 25. Bb6 Re6 26. h3 Rxd6 27. Rxd6 Bf8 28.
Qd2 Bxd6 29. Qxd6 Ne5 30. fxe5 Rc8 31. Nd5 Qa4 32. Qe7 Kg7 33. Qf6+ 1-0

[Event "Konik Morski Rewala OPEN A"]
[Site "Rewal"]
[Date "2007.08.22"]
[Round "2.37"]
[White "Gosciniak, Maria"]
[Black "Walach, Marcin"]
[Result "0-1"]
[WhiteElo "2076"]
[BlackElo "2367"]
[PlyCount "61"]
[EventDate "2007.??.??"]

1. e4 c5 2. Nf3 d6 3. d4 cxd4 4. Nxd4 Nf6 5. Nc3 Nc6 6. f3 e5 7. Nb3 Be6 8. Be3
d5 9. exd5 Nxd5 10. Nxd5 Qxd5 11. Qxd5 Bxd5 12. Rd1 O-O-O 13. Bd3 Be7 14. O-O
g6 15. c4 Be6 16. Nc5 Bxc5 17. Bxc5 Rxd3 18. Rxd3 Bxc4 19. Re3 Bxf1 20. Kxf1
Rd8 21. Ke2 Rd5 22. Bf8 Kd7 23. Bg7 Ke6 24. g4 f6 25. h4 Nd4+ 26. Kf2 Rc5 27.
h5 gxh5 28. gxh5 Rc2+ 29. Kg1 Nf5 30. Rb3 Nxg7 31. Rxb7 0-1

[Event "Konik Morski Rewala OPEN A"]
[Site "Rewal"]
[Date "2007.08.22"]
[Round "2.38"]
[White "Czartoryski, Pawel"]
[Black "Strzemiecki, Zbigniew"]
[Result "0-1"]
[WhiteElo "2066"]
[BlackElo "2306"]
[PlyCount "76"]
[EventDate "2007.??.??"]

1. d4 e6 2. g3 c5 3. e3 Nc6 4. Nf3 b6 5. c4 cxd4 6. exd4 d5 7. cxd5 Bb4+ 8. Bd2
Qxd5 9. Bxb4 Nxb4 10. Nc3 Qf5 11. Bb5+ Kf8 12. O-O Bb7 13. Nh4 Qf6 14. a3 Nd5
15. Ne4 Qe7 16. Re1 Ngf6 17. Ng5 Qd6 18. Qe2 Nc7 19. Bc4 h6 20. Nxe6+ Nxe6 21.
Bxe6 fxe6 22. Ng6+ Kf7 23. Nxh8+ Rxh8 24. Rac1 Rd8 25. Qe5 Qxe5 26. dxe5 Nd5
27. Red1 Ke7 28. f4 Kd7 29. h4 Rf8 30. Rd4 b5 31. Rc5 a6 32. g4 h5 33. f5 Rf7
34. Rcxd5+ Bxd5 35. Rxd5+ exd5 36. e6+ Ke7 37. exf7 hxg4 38. Kf2 d4 0-1

[Event "Konik Morski Rewala OPEN A"]
[Site "Rewal"]
[Date "2007.08.22"]
[Round "2.39"]
[White "Budrewicz, Krzysztof"]
[Black "Marta, Daniele"]
[Result "0-1"]
[WhiteElo "2224"]
[BlackElo "2079"]
[PlyCount "78"]
[EventDate "2007.??.??"]

1. d4 Nf6 2. Bg5 e6 3. e4 d5 4. e5 h6 5. Bxf6 gxf6 6. Nf3 Bg7 7. Bd3 Nc6 8.
exf6 Qxf6 9. c3 Bd7 10. O-O O-O 11. Nbd2 Rac8 12. Re1 Kh8 13. b4 b6 14. a4 a5
15. b5 Nd8 16. Ne5 Be8 17. Rb1 Nb7 18. Nf1 Qd8 19. Ng3 Rg8 20. Qh5 Nd6 21. Qh3
Bf8 22. Nh5 f5 23. Nf4 Qf6 24. f3 Nf7 25. Neg6+ Rxg6 26. Rxe6 Ng5 27. Nxg6+
Qxg6 28. Qxf5 Qxf5 29. Bxf5 Nxe6 30. Bxe6 Rd8 31. Re1 Bg6 32. f4 Bc2 33. Ra1
Kg7 34. Bg4 Rd6 35. Bf3 c6 36. c4 Be4 37. Bxe4 dxe4 38. Rd1 cxb5 39. cxb5 Rxd4
0-1

[Event "Konik Morski Rewala OPEN A"]
[Site "Rewal"]
[Date "2007.08.22"]
[Round "2.40"]
[White "Warchalowski, Daniel"]
[Black "Krasenkova, Ilena"]
[Result "0-1"]
[WhiteElo "2061"]
[BlackElo "2224"]
[PlyCount "85"]
[EventDate "2007.??.??"]

1. e4 c5 2. Nc3 e6 3. f4 d5 4. Bb5+ Bd7 5. Bxd7+ Qxd7 6. d3 Nc6 7. Nf3 dxe4 8.
Nxe4 Be7 9. O-O Nh6 10. Be3 Ng4 11. Bd2 f5 12. Nf2 O-O 13. Re1 Bf6 14. Bc3 Nd4
15. Nxg4 fxg4 16. Ne5 Bxe5 17. Rxe5 Rxf4 18. Rxc5 Raf8 19. Rg5 Rf2 20. Kh1 e5
21. Rxe5 Nxc2 22. Rc1 Qf7 23. Qg1 h6 24. Re4 h5 25. Be5 Qxa2 26. Rc4 Qb3 27.
Rc7 R8f7 28. Rxf7 Rxf7 29. Qd1 Qd5 30. Rxc2 Qxe5 31. Re2 Qf6 32. Kg1 Qd4+ 33.
Kh1 g6 34. g3 Kg7 35. Rg2 b5 36. Qe2 a5 37. Rg1 Qd5+ 38. Qe4 Qxe4+ 39. dxe4 Rf2
40. Ra1 a4 41. b3 axb3 42. Rb1 b2 43. Kg1 0-1

[Event "Konik Morski Rewala OPEN A"]
[Site "Rewal"]
[Date "2007.08.22"]
[Round "2.41"]
[White "Christensen, Bo Garner"]
[Black "Morozova, Julia"]
[Result "1-0"]
[WhiteElo "2223"]
[BlackElo "2073"]
[PlyCount "35"]
[EventDate "2007.??.??"]

1. e4 c5 2. Nf3 d6 3. d4 cxd4 4. Qxd4 Nc6 5. Bb5 Bd7 6. Bxc6 Bxc6 7. Nc3 Nf6 8.
Bg5 h6 9. Bxf6 gxf6 10. O-O-O Qa5 11. Kb1 Rg8 12. Nh4 Rg4 13. Nf5 Rxg2 14. Rhg1
Rxh2 15. Rg8 Qe5 16. Qe3 b6 17. b4 Bb7 18. f4 1-0

[Event "Konik Morski Rewala OPEN A"]
[Site "Rewal"]
[Date "2007.08.22"]
[Round "2.42"]
[White "Majcher, Marcin"]
[Black "Dinckel, Joerg"]
[Result "1/2-1/2"]
[WhiteElo "2163"]
[BlackElo "2066"]
[PlyCount "67"]
[EventDate "2007.??.??"]

1. e4 c5 2. Nc3 e6 3. Nf3 Nc6 4. d4 cxd4 5. Nxd4 Nf6 6. Nxc6 bxc6 7. e5 Nd5 8.
Ne4 Qc7 9. f4 Qb6 10. c4 Ne3 11. Qd3 Nf5 12. g4 Nd4 13. Bg2 Rb8 14. Bd2 Bb7 15.
Bc3 c5 16. O-O-O d5 17. exd6 Bxe4 18. Qxe4 Bxd6 19. f5 Bf4+ 20. Kb1 e5 21. Qd3
O-O 22. Bd5 Nc6 23. Bxc6 Qxc6 24. Qd5 Qb6 25. h3 Rfd8 26. Qe4 Rxd1+ 27. Rxd1
Rd8 28. Rd5 f6 29. Kc2 Rxd5 30. Qxd5+ Kf8 31. Kd3 Bh2 32. Ke4 Bg1 33. g5 Bd4
34. Qa8+ 1/2-1/2

[Event "Konik Morski Rewala OPEN A"]
[Site "Rewal"]
[Date "2007.08.22"]
[Round "2.43"]
[White "Mazalon, Mariusz"]
[Black "Baumann, Dariusz"]
[Result "1/2-1/2"]
[WhiteElo "2158"]
[BlackElo "2050"]
[PlyCount "46"]
[EventDate "2007.??.??"]

1. d4 d5 2. c4 c6 3. Nf3 Nf6 4. Qc2 e6 5. g3 dxc4 6. Qxc4 b5 7. Qc2 Bb7 8. Bg2
Nbd7 9. O-O c5 10. dxc5 Bxc5 11. Nc3 Rc8 12. Qb3 a6 13. Bg5 Qb6 14. Bxf6 Nxf6
15. e3 O-O 16. a4 Nd5 17. axb5 axb5 18. Ne5 Nxc3 19. bxc3 Rfd8 20. Bxb7 Qxb7
21. Rfd1 Qe4 22. Nd7 Bxe3 23. Qxb5 Bh6 1/2-1/2

[Event "Konik Morski Rewala OPEN A"]
[Site "Rewal"]
[Date "2007.08.22"]
[Round "2.44"]
[White "Dragun, Kamil"]
[Black "Roth, Josef"]
[Result "1-0"]
[WhiteElo "2050"]
[BlackElo "2158"]
[PlyCount "93"]
[EventDate "2007.??.??"]

1. e4 c5 2. Nf3 Nc6 3. Nc3 d6 4. d4 cxd4 5. Nxd4 Nf6 6. Bg5 e6 7. Qd2 a6 8.
O-O-O Bd7 9. f4 b5 10. Kb1 Be7 11. Nxc6 Bxc6 12. Bd3 b4 13. Ne2 Nxe4 14. Bxe4
Bxe4 15. Bxe7 Qxe7 16. Qd4 d5 17. Qxg7 O-O-O 18. Ng3 Rhg8 19. Qd4 Bxg2 20. Rhe1
h5 21. Rd3 h4 22. Nf5 Qb7 23. Qc5+ Kb8 24. Ne7 Rc8 25. Qd6+ Ka8 26. Nxg8 Rxg8
27. a3 Be4 28. Rb3 a5 29. axb4 Rc8 30. Rc1 Rc4 31. Qd8+ Qc8 32. Qxc8+ Rxc8 33.
bxa5 Rc4 34. Rc3 Ra4 35. Ra3 Rc4 36. Rh3 d4 37. b3 Rc5 38. Rxh4 Rxa5 39. Kb2
Rd5 40. Rh8+ Kb7 41. h4 Kc6 42. Re1 f5 43. h5 d3 44. cxd3 Rxd3 45. h6 Rh3 46.
h7 Kb7 47. Rg1 1-0

[Event "Konik Morski Rewala OPEN A"]
[Site "Rewal"]
[Date "2007.08.22"]
[Round "2.45"]
[White "Raczynski, Marcin"]
[Black "Zilinskas, Vaidas"]
[Result "0-1"]
[WhiteElo "2044"]
[BlackElo "2150"]
[PlyCount "68"]
[EventDate "2007.??.??"]

1. d4 d6 2. c4 g6 3. Nc3 Bg7 4. e4 Nc6 5. d5 Nd4 6. Nge2 c5 7. Nxd4 Bxd4 8. Bd3
Bg7 9. O-O Nf6 10. Rb1 O-O 11. a3 b6 12. Bd2 Ng4 13. Ne2 Ne5 14. Bc3 Ba6 15. b3
Rb8 16. f4 Nxd3 17. Qxd3 f6 18. f5 g5 19. h4 h6 20. hxg5 hxg5 21. Kf2 Kf7 22.
Qf3 Rh8 23. Rh1 b5 24. cxb5 Bxb5 25. Ng3 Qb6 26. Bd2 Qa6 27. b4 Bd3 28. Rxh8
Rxh8 29. Rb3 c4 30. Rc3 Rh4 31. Be3 Qa4 32. Kg1 g4 33. Qf2 Qd1+ 34. Nf1 g3 0-1

[Event "Konik Morski Rewala OPEN A"]
[Site "Rewal"]
[Date "2007.08.22"]
[Round "2.47"]
[White "Szudra, Heinz-werner"]
[Black "Czaja, Roman"]
[Result "0-1"]
[WhiteElo "2029"]
[BlackElo "2146"]
[PlyCount "86"]
[EventDate "2007.??.??"]

1. c4 c5 2. Nc3 Nf6 3. e4 Nc6 4. Nf3 d6 5. d3 g6 6. g3 Bg7 7. Bg2 O-O 8. O-O
Bg4 9. h3 Bd7 10. Be3 Ne8 11. d4 Qc8 12. d5 Na5 13. Qd3 Bxh3 14. Bxh3 Qxh3 15.
Ng5 Qg4 16. Kg2 h6 17. Nf3 Nf6 18. Rh1 h5 19. e5 Nd7 20. Rh4 Qxf3+ 21. Kxf3
Nxe5+ 22. Ke2 Nxd3 23. Kxd3 f5 24. Rah1 b6 25. b3 Nb7 26. Ne2 Nd8 27. R4h3 a6
28. Nf4 Kf7 29. f3 e5 30. Nxh5 gxh5 31. Rxh5 Ke8 32. Rh7 Ra7 33. Bh6 Rff7 34.
Bg5 Bf6 35. R7h5 Bxg5 36. Rxg5 Rf8 37. Rh6 e4+ 38. Ke2 exf3+ 39. Kxf3 Nf7 40.
Re6+ Re7 41. Rg7 Kd7 42. Rxe7+ Kxe7 43. Kf4 Kf6 0-1

[Event "Konik Morski Rewala OPEN A"]
[Site "Rewal"]
[Date "2007.08.22"]
[Round "2.48"]
[White "Matuszewski, Michal"]
[Black "Czachor, Radoslaw"]
[Result "1-0"]
[WhiteElo "2144"]
[BlackElo "2038"]
[PlyCount "140"]
[EventDate "2007.??.??"]

1. d4 d5 2. c4 dxc4 3. e4 e5 4. Nf3 exd4 5. Bxc4 Bb4+ 6. Nbd2 Qe7 7. O-O Nc6 8.
Nb3 Bg4 9. Nbxd4 Ne5 10. Be2 O-O-O 11. Qa4 Bc5 12. Nxe5 Bxe2 13. Nxe2 Qxe5 14.
Bf4 Qe7 15. Rac1 Rd7 16. Nc3 Nf6 17. b4 Bb6 18. Bg5 Qe6 19. Bxf6 Qxf6 20. Nd5
Qe6 21. Rc3 Rhd8 22. b5 Kb8 23. Qb4 Re8 24. Rc4 f5 25. Nxb6 Qxb6 26. exf5 Rd5
27. Re4 Red8 28. a4 Rxf5 29. Qe7 Rff8 30. g3 Qg6 31. Rc4 Rc8 32. Rxc7 Rxc7 33.
Qxf8+ Rc8 34. Qf4+ Ka8 35. Re1 Re8 36. Rc1 Qe6 37. Qd4 Qf7 38. Rd1 Qe7 39. a5
Kb8 40. Qf4+ Qc7 41. Qb4 Qe7 42. Qd4 Qe5 43. Qd7 Qe7 44. a6 b6 45. Qd5 Rc8 46.
Qf3 g6 47. Kg2 Rf8 48. Qd5 Rc8 49. Re1 Qc7 50. Rc1 Rd8 51. Qa8+ Kxa8 52. Rxc7
h5 53. Rg7 Kb8 54. Rxg6 Rd5 55. Rg8+ Kc7 56. Rg7+ Kb8 57. Rg8+ Kc7 58. Ra8 Rxb5
59. Rxa7+ Kc6 60. Rh7 Ra5 61. a7 b5 62. Rh6+ Kb7 63. Rxh5 Kxa7 64. h4 Kb6 65.
Re5 b4 66. Re1 Rh5 67. Kh3 Rf5 68. f4 Kc5 69. Kg4 Rf8 70. h5 Rg8+ 1-0

[Event "Konik Morski Rewala OPEN A"]
[Site "Rewal"]
[Date "2007.08.22"]
[Round "2.49"]
[White "Gola, Karol"]
[Black "Krasnodebska, Magdalena"]
[Result "1/2-1/2"]
[WhiteElo "2141"]
[BlackElo "1992"]
[PlyCount "40"]
[EventDate "2007.??.??"]

1. e4 e5 2. Nf3 Nf6 3. Nxe5 d6 4. Nf3 Nxe4 5. Qe2 Qe7 6. d3 Nf6 7. Bg5 Qxe2+ 8.
Bxe2 Be7 9. Nc3 c6 10. O-O-O Be6 11. h3 Nbd7 12. Rhe1 O-O 13. d4 h6 14. Bh4 Nb6
15. Bd3 Nbd5 16. Nxd5 Nxd5 17. Bxe7 Nxe7 18. c4 Rfe8 19. Re2 Kf8 20. g4 a6
1/2-1/2

[Event "Konik Morski Rewala OPEN A"]
[Site "Rewal"]
[Date "2007.08.22"]
[Round "2.50"]
[White "Klim, Kamil"]
[Black "Czaus, Piotr"]
[Result "0-1"]
[WhiteElo "2126"]
[BlackElo "1981"]
[PlyCount "138"]
[EventDate "2007.??.??"]

1. d4 Nf6 2. c4 g6 3. Nc3 Bg7 4. e4 d6 5. Nf3 O-O 6. h3 a5 7. Bg5 h6 8. Be3 e5
9. d5 Na6 10. g4 Ne8 11. Rg1 Kh7 12. h4 f5 13. exf5 gxf5 14. g5 e4 15. Nd4 f4
16. Bc1 Nc5 17. gxh6 Bxh6 18. Ne6 Bxe6 19. dxe6 c6 20. Qh5 Qf6 21. e7 Rf7 22.
Bxf4 Ng7 23. Qxh6+ Qxh6 24. Bxh6 Kxh6 25. O-O-O Nf5 26. Bh3 Nd3+ 27. Kb1 Nxf2
28. Bxf5 Nxd1 29. Rxd1 Rxe7 30. Rxd6+ Kh5 31. Nxe4 Rf8 32. Ng3+ Kxh4 33. Rg6
Ref7 34. Rg4+ Kh3 35. Rg5+ Kh4 36. Rg4+ Kh3 37. Rg7+ Kh4 38. Rg4+ Kh3 39. Be6
Rf6 40. Rg6+ Kh2 41. Rxf6 Rxf6 42. Bc8 Kxg3 43. Bxb7 Kf4 44. Kc2 Ke5 45. Kb3
Kd6 46. Ka4 Rf2 47. Ka3 Kc5 48. Bc8 Kxc4 49. Be6+ Kb5 50. b3 Rd2 51. Bf7 Rd4
52. Be6 a4 53. Bd7 Rf4 54. Be6 axb3 55. axb3 Rf8 56. Bd7 Ra8+ 57. Kb2 Rd8 58.
Be6 Kb4 59. Kc2 Rd4 60. Bf7 Rf4 61. Be6 c5 62. Bg8 Rf2+ 63. Kb1 Kc3 64. Bc4
Rb2+ 65. Ka1 Rxb3 66. Bxb3 Kxb3 67. Kb1 c4 68. Kc1 Kc3 69. Kb1 Kd2 0-1

[Event "Konik Morski Rewala OPEN A"]
[Site "Rewal"]
[Date "2007.08.22"]
[Round "2.51"]
[White "Kotermanska, Anna"]
[Black "Kunicki, Michal"]
[Result "1/2-1/2"]
[WhiteElo "1980"]
[BlackElo "2120"]
[PlyCount "46"]
[EventDate "2007.??.??"]

1. e4 c5 2. Nf3 e6 3. d4 cxd4 4. Nxd4 a6 5. Nc3 Qc7 6. a3 b5 7. Bd3 Bb7 8. O-O
Nc6 9. Be3 Nf6 10. Nxc6 Qxc6 11. f3 Bc5 12. Qe2 Qb6 13. Bxc5 Qxc5+ 14. Kh1 d6
15. Rad1 h5 16. Qf2 Rc8 17. Ne2 h4 18. Qxc5 Rxc5 19. Nd4 Nh5 20. b4 Rg5 21. Ne2
Ke7 22. c4 Bc6 23. Rc1 bxc4 1/2-1/2

[Event "Konik Morski Rewala OPEN A"]
[Site "Rewal"]
[Date "2007.08.22"]
[Round "2.52"]
[White "Dombrowski, Bartosz"]
[Black "Gluszko, Tomasz"]
[Result "0-1"]
[WhiteElo "1942"]
[BlackElo "2119"]
[PlyCount "88"]
[EventDate "2007.??.??"]

1. e4 c5 2. Nf3 e6 3. d4 cxd4 4. Nxd4 Nf6 5. Nc3 Nc6 6. Ndb5 Bb4 7. a3 Bxc3+ 8.
Nxc3 d5 9. exd5 exd5 10. Bd3 d4 11. Ne2 O-O 12. O-O Re8 13. Bb5 Re5 14. Bxc6
bxc6 15. Qxd4 Qe7 16. Ng3 Ba6 17. c4 Rd8 18. Qc3 Ne4 19. Nxe4 Rxe4 20. b3 Re8
21. Bd2 f5 22. Rfe1 Qd6 23. Be3 Qe7 24. Rad1 Bb7 25. Kf1 c5 26. Bf4 Rxe1+ 27.
Rxe1 Qxe1+ 28. Qxe1 Bxg2+ 29. Kxg2 Rxe1 30. Bd6 Rb1 31. b4 cxb4 32. axb4 Rc1
33. c5 a6 34. Bc7 Kf7 35. Kf3 Ke6 36. Ke3 Kd5 37. Kd2 Rb1 38. Ba5 Ra1 39. Bd8
Ra2+ 40. Ke3 Ra4 41. Ba5 g5 42. Kd3 Ra3+ 43. Ke2 Rxa5 44. bxa5 Kxc5 0-1

[Event "Konik Morski Rewala OPEN A"]
[Site "Rewal"]
[Date "2007.08.22"]
[Round "2.53"]
[White "Klekowski, Maciej"]
[Black "Labedz, Patrycja"]
[Result "1-0"]
[WhiteElo "2118"]
[BlackElo "1942"]
[PlyCount "97"]
[EventDate "2007.??.??"]

1. c4 c6 2. Nf3 d5 3. e3 Nf6 4. a3 Bf5 5. b4 Nbd7 6. Bb2 e6 7. Qb3 Bd6 8. d4 h6
9. Nbd2 Ne4 10. Nxe4 Bxe4 11. Nd2 Bh7 12. a4 Bc7 13. g3 O-O 14. Bg2 Nf6 15. O-O
Re8 16. Rfe1 Ne4 17. Nxe4 dxe4 18. Red1 Qe7 19. f3 exf3 20. Bxf3 e5 21. d5 e4
22. Bg2 cxd5 23. Rxd5 Rad8 24. Rad1 b6 25. c5 bxc5 26. bxc5 Kh8 27. Rxd8 Rxd8
28. Rxd8+ Bxd8 29. Qd5 f6 30. Bd4 Bg6 31. h4 Qe8 32. h5 Bh7 33. Qa8 Qe7 34. c6
f5 35. Bxa7 Bg8 36. Bd4 Qd6 37. Qb7 Qxg3 38. Qb1 Qc7 39. Qb5 Qf7 40. a5 Qxh5
41. a6 Qd1+ 42. Qf1 Qa4 43. Qxf5 Qxc6 44. a7 Qc1+ 45. Kh2 Qc7+ 46. Kg1 Qc1+ 47.
Bf1 Qc6 48. Qf8 Qb7 49. Qxg7+ 1-0

[Event "Konik Morski Rewala OPEN A"]
[Site "Rewal"]
[Date "2007.08.22"]
[Round "2.54"]
[White "Musialkiewicz, Jan"]
[Black "Diczew, Filip"]
[Result "1/2-1/2"]
[WhiteElo "1926"]
[BlackElo "2112"]
[PlyCount "115"]
[EventDate "2007.??.??"]

1. e4 c5 2. Nc3 e6 3. g3 Nc6 4. Bg2 d6 5. d3 Be7 6. Nge2 e5 7. O-O Nf6 8. f4 h5
9. h3 Bd7 10. Be3 Nd4 11. Nd5 Nxd5 12. exd5 Nf5 13. Qd2 Bf6 14. c3 Qc8 15. Bf2
Nh6 16. Kh2 O-O 17. fxe5 dxe5 18. Be3 Nf5 19. Bg5 Bd8 20. Bxd8 Qxd8 21. Be4 Qc8
22. Qg5 g6 23. d4 exd4 24. cxd4 Qe8 25. Bf3 f6 26. Qd2 c4 27. Nf4 Nd6 28. Rae1
Qf7 29. Ne6 Rfe8 30. Qf4 Nf5 31. Bxh5 Ng7 32. Bd1 Nxe6 33. dxe6 Rxe6 34. Bf3
Rxe1 35. Rxe1 g5 36. Qd6 Bc6 37. Re7 Bxf3 38. Rxf7 Kxf7 39. d5 Re8 40. Qc7+ Kg6
41. Qxc4 Re2+ 42. Kg1 Rg2+ 43. Kf1 Rd2 44. Ke1 Rxd5 45. Kf2 Rf5 46. Qg8+ Kh6
47. Ke3 Bc6 48. Qh8+ Kg6 49. h4 gxh4 50. Qxh4 Re5+ 51. Kd2 Rd5+ 52. Ke2 Re5+
53. Kd2 Rd5+ 54. Ke2 Rg5 55. Qf4 Re5+ 56. Kd2 Rb5 57. b3 Rd5+ 58. Ke2 1/2-1/2

[Event "Konik Morski Rewala OPEN A"]
[Site "Rewal"]
[Date "2007.08.22"]
[Round "2.55"]
[White "Pacak, Mateusz"]
[Black "Korosciel, Aneta"]
[Result "1/2-1/2"]
[WhiteElo "1885"]
[BlackElo "2105"]
[PlyCount "76"]
[EventDate "2007.??.??"]

1. e4 e5 2. Nc3 Nf6 3. f4 d5 4. fxe5 Nxe4 5. Nf3 Be7 6. Qe2 Ng5 7. d4 c6 8.
Nxg5 Bxg5 9. Bxg5 Qxg5 10. Qd2 h6 11. O-O-O Bf5 12. h4 Qxd2+ 13. Kxd2 h5 14.
Bd3 Bg4 15. Rde1 Ke7 16. Rhf1 g6 17. b4 Nd7 18. b5 Ke6 19. bxc6 bxc6 20. Na4
Rab8 21. Rb1 Rhg8 22. g3 Bh3 23. Rh1 Bf5 24. Ba6 Rxb1 25. Rxb1 g5 26. hxg5 Rxg5
27. Bc8 Ke7 28. Rb7 Kd8 29. Bxd7 Bxd7 30. Nc5 Be6 31. Nxe6+ fxe6 32. Rh7 c5 33.
dxc5 Rxe5 34. Rxa7 Rg5 35. Rh7 Rxg3 36. Rxh5 Kd7 37. Re5 Ra3 38. c6+ Kxc6
1/2-1/2

[Event "Konik Morski Rewala OPEN A"]
[Site "Rewal"]
[Date "2007.08.22"]
[Round "2.56"]
[White "Schroeter, Guenter"]
[Black "Polok, Rafal"]
[Result "0-1"]
[WhiteElo "2104"]
[BlackElo "1942"]
[PlyCount "62"]
[EventDate "2007.??.??"]

1. e4 e6 2. d4 d5 3. Nc3 Bb4 4. e5 b6 5. Bd2 Ba6 6. Nb5 Bf8 7. Nf3 Qd7 8. Nc3
Bxf1 9. Kxf1 c5 10. Ne2 cxd4 11. Nexd4 Nc6 12. c3 Nge7 13. Qe2 Nxd4 14. cxd4
Nc6 15. a3 Be7 16. g3 O-O 17. Kg2 Rac8 18. h4 Rc7 19. Qd3 f6 20. exf6 Bxf6 21.
Rae1 Qf7 22. Re2 Nxd4 23. Nxd4 Bxd4 24. f4 Bc5 25. Rhe1 Rc6 26. Bc3 Rfc8 27.
Qa6 Qd7 28. Qb5 d4 29. Bd2 Qd5+ 30. Kh2 d3 31. Re4 Bg1+ 0-1

[Event "Konik Morski Rewala OPEN A"]
[Site "Rewal"]
[Date "2007.08.22"]
[Round "2.57"]
[White "Organisciak, Wojciech"]
[Black "Wiewiora, Eneasz"]
[Result "1/2-1/2"]
[WhiteElo "2095"]
[BlackElo "1911"]
[PlyCount "50"]
[EventDate "2007.??.??"]

1. Nf3 Nf6 2. c4 g6 3. Nc3 d5 4. cxd5 Nxd5 5. e4 Nxc3 6. bxc3 Bg7 7. Bc4 O-O 8.
O-O c5 9. d4 Nc6 10. Be3 Bg4 11. dxc5 Qc7 12. Qc1 Bxf3 13. gxf3 Rfd8 14. Be2
Ne5 15. Qc2 Nd7 16. Rad1 Nxc5 17. Rxd8+ Rxd8 18. Rd1 Ne6 19. Rxd8+ Nxd8 20. Qa4
Nc6 21. Bd4 Nxd4 22. cxd4 Qc1+ 23. Kg2 Qg5+ 24. Kf1 Qc1+ 25. Kg2 Qg5+ 1/2-1/2